000 00457cam a2200145 4500500
005 20260329015652.0
041 _afre
042 _adc
100 1 0 _aHouzet, Dominique
_eauthor
245 0 0 _aMicroprocessors
260 _c2026.
500 _a4
786 0 _nSoftware technologies and System architectures | - | 2026-03-05 | p. 4-4
856 4 1 _uhttps://stm.cairn.info/hardware-architectures--bdti42308210-e3555-page-4?lang=en&redirect-ssocas=7080
999 _c1899890
_d1899890